Himno del universo: la misa sobre el mundo; Tres historias a la manera de Benson; La potencia espiritual de la materia; Pensamientos escogidos por Fernande Tardivel

Uloženo v:
Podrobná bibliografie
Hlavní autor: Teilhard de Chardin, Pierre (Autor)
Médium: Kniha
Jazyk:španělština
Vydáno: Madrid Taurus 1971
Vydání:3a. ed
Témata:
Tagy: Přidat tag
Žádné tagy, Buďte první, kdo vytvoří štítek k tomuto záznamu!

MARC

LEADER 00000cam a2200000 a 4500
001 UCF7480
003 CL-VaPUC
008 130627e19710000SP |||||||||||||||||spa|d
082 0 4 |a 231.765  |b TEI  |2 21 
100 0 |a Teilhard de Chardin, Pierre  |e author  |9 315457 
245 1 0 |a Himno del universo: la misa sobre el mundo; Tres historias a la manera de Benson; La potencia espiritual de la materia; Pensamientos escogidos por Fernande Tardivel 
250 |a 3a. ed 
300 |a 169 p 
942 |c BK 
945 |d 20130627 00:00:00  |a cmena 
260 |a Madrid  |b Taurus  |c 1971 
650 0 |a Misticismo  |9 265505 
650 0 |a Teoría del conocimiento   |9 255038 
650 0 |a Filosofía de las ciencias  |9 256466 
650 0 |a Antropología filosófica  |9 265842 
583 |a last modification  |c 20130627 13:18:00  |k Rodrigo Vera 
999 |c 352303  |d 352301